The family under the bridge / (Record no. 6678)
[ view plain ]
| 000 -LEADER | |
|---|---|
| fixed length control field | 01134cam a2200349 a 4500 |
| 003 - CONTROL NUMBER IDENTIFIER | |
| control field | OCoLC |
| 005 - DATE AND TIME OF LATEST TRANSACTION | |
| control field | 20260205141948.0 |
| 008 - FIXED-LENGTH DATA ELEMENTS--GENERAL INFORMATION | |
| fixed length control field | 890403r19891958nyu j 000 0 eng d |
| 001 - CONTROL NUMBER | |
| control field | 19489243 |
| 020 ## - INTERNATIONAL STANDARD BOOK NUMBER | |
| International Standard Book Number | 0064402509 (pbk.) |
| 035 ## - SYSTEM CONTROL NUMBER | |
| System control number | (Sirsi) i9780064402507 |
| 040 ## - CATALOGING SOURCE | |
| Original cataloging agency | CHE |
| Transcribing agency | CHE |
| Modifying agency | GZD |
| 049 ## - LOCAL HOLDINGS (OCLC) | |
| Holding library | GZD8 |
| 092 ## - LOCALLY ASSIGNED DEWEY CALL NUMBER (OCLC) | |
| Classification number | Fic |
| Item number | Car |
| 082 ## - DEWEY DECIMAL CLASSIFICATION NUMBER | |
| Classification number | CARLSON |
| 092 ## - LOCALLY ASSIGNED DEWEY CALL NUMBER (OCLC) | |
| Classification number | CARLSON |
| 100 1# - MAIN ENTRY--PERSONAL NAME | |
| Personal name | Carlson, Natalie Savage. |
| 9 (RLIN) | 10217 |
| 245 14 - TITLE STATEMENT | |
| Title | The family under the bridge / |
| Statement of responsibility, etc | Natalie Savage Carlson ; pictures by Garth Williams. |
| 250 ## - EDITION STATEMENT | |
| Edition statement | 1st Harper Trophy ed. |
| 260 ## - PUBLICATION, DISTRIBUTION, ETC. (IMPRINT) | |
| Place of publication, distribution, etc | New York : |
| Name of publisher, distributor, etc | Harper & Row, |
| Date of publication, distribution, etc | 1989,c1958. |
| 300 ## - PHYSICAL DESCRIPTION | |
| Extent | 97 p. : |
| Other physical details | ill. ; |
| Dimensions | 23 cm. |
| 490 ## - SERIES STATEMENT | |
| Series statement | Newbery |
| 500 ## - GENERAL NOTE | |
| General note | "A Harper Trophy book." |
| 520 ## - SUMMARY, ETC. | |
| Summary, etc | An old tramp, adopted by three fatherless children when their mother hides them under a bridge on the Seine, finds a home for mother and children and a job for himself. |
| 650 ## - SUBJECT ADDED ENTRY--TOPICAL TERM | |
| Topical term or geographic name as entry element | Newbery Medal |
| 650 #0 - SUBJECT ADDED ENTRY--TOPICAL TERM | |
| Topical term or geographic name as entry element | Tramps |
| Form subdivision | Fiction. |
| 9 (RLIN) | 6499574 |
| 651 #0 - SUBJECT ADDED ENTRY--GEOGRAPHIC NAME | |
| Geographic name | Paris (France) |
| Form subdivision | Fiction. |
| 9 (RLIN) | 5679137 |
| 700 1# - ADDED ENTRY--PERSONAL NAME | |
| Personal name | Williams, Garth, |
| 9 (RLIN) | 11350 |
| 942 ## - ADDED ENTRY ELEMENTS (KOHA) | |
| Koha item type | BOOK |
| 979 ## - | |
| -- | 278491 |
| 998 ## - LOCAL CONTROL INFORMATION (RLIN) | |
| -- | a12955 |
| Withdrawn status | Lost status | Source of classification or shelving scheme | Damaged status | Not for loan | Collection code | Home library | Current library | Shelving location | Date acquired | Source of acquisition | Cost, normal purchase price | Total Checkouts | Total Renewals | Full call number | Barcode | Date last seen | Date checked out | Cost, replacement price | Price effective from | Koha item type |
|---|---|---|---|---|---|---|---|---|---|---|---|---|---|---|---|---|---|---|---|---|
| Dewey Decimal Classification | Junior Fiction | Wasatch County Library | Wasatch County Library | Main Floor Junior Area | 07/02/2019 | Donation | 6.64 | 19 | 20 | J Car | 34301001592510 | 12/26/2025 | 12/06/2025 | 6.64 | 03/20/2020 | BOOK |
